Modern many-particle physics : Atomic gases, quantum dots and quantum fluids

Uloženo v:
Podrobná bibliografie
Hlavní autor:  Lipparini, Enrico
Médium: Sách
Jazyk:Undetermined
Vydáno:  World Scientific  2003
Témata:
Tagy: Přidat tag
Žádné tagy, Buďte první, kdo otaguje tento záznam!
Thư viện lưu trữ: Trung tâm Thư viện - Trường Đại học Công nghiệp TP. Hồ Chí Minh
LEADER 00536nam a2200157Ia 4500
001 UIH_07734
008 231011s9999 xx 000 0 und d
082 |a  530.41 
100 |a  Lipparini, Enrico 
245 0 |a  Modern many-particle physics : Atomic gases, quantum dots and quantum fluids 
245 0 |c  Lipparini, Enrico 
260 |b  World Scientific 
260 |c  2003 
650 |a  Vật lí chất rắn;  
927 |a Sách 
980 |a Trung tâm Thư viện - Trường Đại học Công nghiệp TP. Hồ Chí Minh